000 00495nam a2200181Ia 4500
003 GCL
008 140319s9999 xx 000 0 eng d
020 _a9101572845
040 _aGCL /
_cGCL
082 0 4 _a948.5
_bE S
100 1 _aEHLERS , CHAD
245 1 0 _aSVERIGE SWEDEN SCHWEDEN /
_cEHLERS , CHAD
260 _aالسويد :
_bALBERT BONNIERS FORLAG ،
_c2003
300 _a27C M ؛
_c143P
650 0 4 _aSWEDEN - DESCRIPTION AND TRAVEL
650 0 4 _aSWEDEN - HISTORY
942 _2ddc
_cBK
999 _c7551
_d7551